期刊信息 |
| 索取号 |
C5/NJD
|
| 题名 |
内江地区教师进修学院学报
|
| 作者 |
|
| 分册号 |
|
| 分册名 |
|
| 出版地 |
四川
|
| 出版者 |
本社
|
| 标准刊号 |
|
| 出版频率 |
月刊
|
| 中图法分类 |
C5
|
| 主题词 |
社会科学 丛书; 社会科学 文集; 社会科学 连续出版物
|
| 电子资源 | |
| |
|
| 000 | 00520nas0 2200193 45 | |
| 001 | 0739962513 | |
| 005 | 20070417110705.48 | |
| 100 | @a20070417d km y0chiy0120 ea | |
| 101 | 0 | @achi |
| 200 | 1 | @a内江地区教师进修学院学报@ANei Jiang Di Qu Jiao Shi Jin Xiu Xue Yuan Xue Bao@i社科版 |
| 210 | @a四川@c本社 | |
| 326 | @a月刊 | |
| 517 | 1 | @a社科版@AShe Ke Ban |
| 606 | 0 | @a社会科学@x丛书 |
| 606 | 0 | @a社会科学@x文集 |
| 606 | 0 | @a社会科学@x连续出版物 |
| 690 | @aC5@v4 | |
| 801 | 0 | @aCN@bPFT@c20070417 |
| 905 | @aTJWY@dC5@eNJD | |
| 内江地区教师进修学院学报.社科版.-四川:本社 |
| ● |
| 相关链接: |
|
|
|
|